Quiz o Opolu - Statystyki

Ogólne statystyki
  • Ten quiz został rozwiązany 52 razy
  • Średni wynik to 8 z 15
Statystyki odpowiedzi
Wskazówka Odpowiedź % Poprawnych
Rejestracja samochodowa Opola OP
100%
Rzeka przepływająca przez miasto Odra
98%
Opole znajduje sięw tym województwie Opolskie
98%
Wiek, w którym Opole uzyskało prawa miejskie XIII
91%
Historyczny region, w którym leży miasto Śląsk
79%
Opole zostało założone w tym stuleciu X
77%
Rozwiń skrót KFPP Opole, czyli słynnego festiwalu organizowanego od 1963 roku Krajowy Festiwal Piosenki Polskiej
56%
Kultowe wzniesienie o wysokości 408 m n.p.m., znajdujące się w pobliżu Opola Góra Świętej Anny
47%
Niemiecka nazwa miasta Oppeln
42%
Nazwa sztucznie uregulowanych odcinków tej rzeki w rejonie Opola, z których słynie miasto Kanały
40%
Obecny prezydent miasta Arkadiusz Wiśniewski
30%
Zabytkowa wieża zbudowana ok. 1300 roku. Jedyna pozostałość po rozebranym zamku o tej samej nazwie Piastowska
28%
Most stanowiący przeprawę nad kanałem Młynówka (tzw. Zielony mostek lub Most Zakochanych) Most Groszkowy
9%
Najstarsza opolska świątynia Kościół Matki Boskiej Bolesnej i św. Wojciecha
2%
Niemiecki lekarz, podróżnik i polityk, który został m.in. tureckim gubernatorem Mehmed Emin Pasza
2%
Nie znaleziono quizów pasujących do podanych kryteriów
Rozkład punktacji
Procent ludzi z każdym wynikiem
Percentyl według liczby udzielonych odpowiedzi
Twoja historia wyników
Nie rozwiązałeś tego quizu